Introducción a la informática. Iniciación y referencia

Bibliographic Details
Main Authors: Peña Tresancos, Jaime, Vidal Fernández, María del Carmen
Format: Section = Libro
Language:Undetermined
Spanish
Published: España México 2004
Subjects:
LEADER 00793nam a2200265Ia 4500
008 240830s9999 xx 000 0 und d
020 |a 84-481-3711-6 
040 |a B-ESTELÍ- RUACS / 004 P397 
041 |a spa 
082 |a 004 P397  
100 1 |a Peña Tresancos, Jaime 
100 1 |b  Vidal Fernández, María del Carmen 
245 1 0 |a Introducción a la informática. Iniciación y referencia 
260 |a España  |b México  |c 2004 
300 |a 257 p. :il 
650 7 |a CIENCIA DE LAS COMPUTADORES - PERIFERICOS 
650 7 |b  SISTEMAS OPERATIVOS 
650 7 |c  PROCESADORES DE TEXTOS 
650 7 |d  BASES DE DATOS 
650 7 |e  HOJAS DE CALCULO 
650 7 |f  ORDENADOR MULTIMEDIA 
650 7 |g  INTERNET CORREO ELECTRONICO. 
942 |c BK  |2 ddc 
991 |a TEXTO 
999 |c 10532